Science Quiz

Random Science or Computer Quiz

History of Computers Quiz Stats

 Plays Quiz Updated Jul 10, 2019

Score 0/21 Timer 08:00
0 Plays Today
% Correct
Abacus
93.8%
Personal
91.8%
Punch
79.8%
Floppy
77.1%
Windows
75.9%
iPhone
75.7%
Google
74.5%
Mouse
72.1%
World Wide Web
68.8%
Alan Turing
67.6%
Network
56.9%
% Correct
Algorithm
47.9%
Ada Lovelace
44.4%
Transistor
41.8%
UNIX
39.5%
Charles Babbage
39.4%
Quantum
37.1%
COBOL
36.4%
Bell Labs
35.2%
ENIAC
32.7%
Integrated
31.2%

You're not logged in!

Compare scores with friends on all Sporcle quizzes.
OR
Log In

Sporcle TV

Today on Sporcle TV


Watch our educational content, quiz creation guides, and fun videos on Sporcle TV.

Show Comments

Extras

Top Quizzes Today


Score Distribution

Your Account Isn't Verified!

In order to create a playlist on Sporcle, you need to verify the email address you used during registration. Go to your Sporcle Settings to finish the process.

Report this User

Report this user for behavior that violates our Community Guidelines.

Details: